MARC

LEADER 00000nam0a2200000 4500
001 374952
005 20231102012707.0
035 |a (RuTPU)RU\TPU\retro\32387 
035 |a RU\TPU\book\306566 
090 |a 374952 
100 |a 20221219d1977 k y0rusy50 ca 
101 0 |a rus 
102 |a RU 
105 |a a z 001zy 
200 1 |a Серпентинизация ультрабазитов  |f Д. С. Штейнберг, И. С. Чащухин  |g Академия наук СССР (АН СССР), Уральский научный центр (УНЦ), Институт геологии и геохимии им. А. Н. Заварицкого (ИГГ) 
210 |a Москва  |c Наука  |d 1977 
215 |a 310 с.  |c ил. 
320 |a Библиогр.: с. 212-228. 
606 1 |a Базиты  |2 stltpush  |3 (RuTPU)RU\TPU\subj\64530  |9 81397 
610 1 |a серпентинизация 
610 1 |a дисперсность 
610 1 |a ультрабазиты 
610 1 |a серпентины 
675 |a 552.32  |v 3 
700 1 |a Штейнберг  |b Д. С.  |g Дмитрий Сергеевич 
701 1 |a Чащухин  |b И. С.  |g Игорь Степанович 
712 0 2 |a Академия наук СССР (АН СССР)  |b Уральский научный центр (УНЦ)  |b Институт геологии и геохимии им. А. Н. Заварицкого (ИГГ)  |c (Свердловск)  |2 stltpush  |3 (RuTPU)RU\TPU\col\10909 
801 1 |a RU  |b 63413507  |c 20150202 
801 2 |a RU  |b 63413507  |c 20221219  |g RCR 
942 |c BK